| 000 | 00430nam a2200181Ia 4500 | ||
|---|---|---|---|
| 005 | 20240823062815.0 | ||
| 008 | 240823s9999||||xx |||||||||||||| ||und|| | ||
| 041 | _aENGLISH | ||
| 082 | _A005.43 N4 | ||
| 100 | _a"Fernandes,Louis [etal]" | ||
| 245 | 0 | _aDOS 6.0 | |
| 250 | _a1st | ||
| 260 |
_c1994 _b"Vision Books,New Delhi" |
||
| 500 | _aTRANSFERED | ||
| 650 |
_aDOS _bComputer Applications |
||
| 942 | _cBK | ||
| 999 |
_c236756 _d236756 |
||